Capital productivity in agriculture: a case study of some villages of Agra district (Record no. 11280)

MARC details
000 -LEADER
fixed length control field 00542nam a2200157Ia 4500
082 ## - DEWEY DECIMAL CLASSIFICATION NUMBER
Classification number TL.0025
100 ## - MAIN ENTRY--AUTHOR NAME
Personal name Lavania, Ramesh Prashad
245 #0 - TITLE STATEMENT
Title Capital productivity in agriculture: a case study of some villages of Agra district
260 ## - PUBLICATION, DISTRIBUTION, ETC. (IMPRINT)
Year of publication 1979
Name of publisher Agra University
300 ## - PHYSICAL DESCRIPTION
Number of Pages 209p. + C D - 44
650 ## - SUBJECT ADDED ENTRY--TOPICAL TERM
Topical Term CAPITAL PRODUCTIVITY///AGRICULTURE - CAPITAL PRODUCTIVITY
650 ## - SUBJECT ADDED ENTRY--TOPICAL TERM
Topical Term AGRICULTURE - CAPITAL PRODUCTIVITY
650 ## - SUBJECT ADDED ENTRY--TOPICAL TERM
Topical Term AGRICULTURAL PRODUCTIVITY - UTTAR PRADESH - AGRA DISTRICT
710 ## - ADDED ENTRY--CORPORATE NAME
Corporate name or jurisdiction name as entry element Mathur, A.S.
942 ## - ADDED ENTRY ELEMENTS (KOHA)
Koha item type Thesis
Source of classification or shelving scheme Dewey Decimal Classification
Holdings
Withdrawn status Lost status Damaged status Not for loan Home library Current library Date acquired Full call number Accession Number Price effective from Koha item type
        NASSDOC Library NASSDOC Library 08/10/2004 TL.0025 14137 18/04/2019 Thesis